<?xml version="1.0" encoding="UTF-8"?>
<collection xmlns="http://www.loc.gov/MARC21/slim">
<record>
  <controlfield tag="001">99238</controlfield>
  <controlfield tag="005">20230126102838.0</controlfield>
  <datafield tag="024" ind1="8" ind2=" ">
    <subfield code="2">sideral</subfield>
    <subfield code="a">122367</subfield>
  </datafield>
  <datafield tag="037" ind1=" " ind2=" ">
    <subfield code="a">ART-2020-122367</subfield>
  </datafield>
  <datafield tag="041" ind1=" " ind2=" ">
    <subfield code="a">eng</subfield>
  </datafield>
  <datafield tag="100" ind1=" " ind2=" ">
    <subfield code="a">Nadal Ruiz, Alejandro</subfield>
    <subfield code="u">Universidad de Zaragoza</subfield>
    <subfield code="0">(orcid)0000-0001-5620-8300</subfield>
  </datafield>
  <datafield tag="245" ind1=" " ind2=" ">
    <subfield code="a">Revisiting the Usurer: The Portrayal of Shylock as an Affectionate Father in Howard Jacobson's Shylock Is My Name</subfield>
  </datafield>
  <datafield tag="260" ind1=" " ind2=" ">
    <subfield code="c">2020</subfield>
  </datafield>
  <datafield tag="506" ind1="0" ind2=" ">
    <subfield code="a">Access copy available to the general public</subfield>
    <subfield code="f">Unrestricted</subfield>
  </datafield>
  <datafield tag="520" ind1="3" ind2=" ">
    <subfield code="a">This article aims to re-interpret the figure of Shylock in William Shakespeare's The Merchant of Venice by exploring how its novel rewriting by Howard Jacobson provides a more positive portrayal of the Jewish usurer. I attempt to argue that Jacobson's Shylock Is My Name contributes to re-reading Shylock as a thoughtful father who truly loves his daughter Jessica. Indeed, this 21st-century retelling revolves around the connection between Shylock and Simon Strulovitch, a Jewish philanthropist who has also been neglected by his daughter. The novel presents Shylock as a trustworthy character that is determined to help his friend create an emotional bond with his daughter. Moreover, Jacobson succeeds in empowering Shakespeare's Shylock to such an extent that he evolves from being an underdog in Venice to being widely respected by English society. As regards methodology, I have used the rhizomatic model proposed by Douglas Lanier with the purpose of exploring the enriching dialogue between the source text and this rewriting.</subfield>
  </datafield>
  <datafield tag="536" ind1=" " ind2=" ">
    <subfield code="9">info:eu-repo/grantAgreement/ES/DGA/H03-20R</subfield>
    <subfield code="9">info:eu-repo/grantAgreement/ES/MCIU/FFI2017-84258-P</subfield>
    <subfield code="9">info:eu-repo/grantAgreement/ES/MCIU/FPU18-00782</subfield>
  </datafield>
  <datafield tag="540" ind1=" " ind2=" ">
    <subfield code="9">info:eu-repo/semantics/openAccess</subfield>
    <subfield code="a">by</subfield>
    <subfield code="u">http://creativecommons.org/licenses/by/3.0/es/</subfield>
  </datafield>
  <datafield tag="655" ind1=" " ind2="4">
    <subfield code="a">info:eu-repo/semantics/article</subfield>
    <subfield code="v">info:eu-repo/semantics/publishedVersion</subfield>
  </datafield>
  <datafield tag="710" ind1="2" ind2=" ">
    <subfield code="1">3004</subfield>
    <subfield code="2">345</subfield>
    <subfield code="a">Universidad de Zaragoza</subfield>
    <subfield code="b">Dpto. Filolog.Inglesa y Alema.</subfield>
    <subfield code="c">Área Filología Inglesa</subfield>
  </datafield>
  <datafield tag="773" ind1=" " ind2=" ">
    <subfield code="g">9 (2020), 119-133</subfield>
    <subfield code="p">Op. Cit. (Lisboa)</subfield>
    <subfield code="t">Op. Cit. (Lisboa)</subfield>
    <subfield code="x">0874-1409</subfield>
  </datafield>
  <datafield tag="856" ind1="4" ind2=" ">
    <subfield code="s">125596</subfield>
    <subfield code="u">http://zaguan.unizar.es/record/99238/files/texto_completo.pdf</subfield>
    <subfield code="y">Versión publicada</subfield>
  </datafield>
  <datafield tag="856" ind1="4" ind2=" ">
    <subfield code="s">1085784</subfield>
    <subfield code="u">http://zaguan.unizar.es/record/99238/files/texto_completo.jpg?subformat=icon</subfield>
    <subfield code="x">icon</subfield>
    <subfield code="y">Versión publicada</subfield>
  </datafield>
  <datafield tag="856" ind1="4" ind2="1">
    <subfield code="u">https://docs.google.com/viewer?a=v&amp;pid=sites&amp;srcid=ZGVmYXVsdGRvbWFpbnxvcGNpdGFwZWFhfGd4OjQxY2IzYmExMzhlY2EwMDA</subfield>
    <subfield code="z">Texto completo de la revista</subfield>
  </datafield>
  <datafield tag="909" ind1="C" ind2="O">
    <subfield code="o">oai:zaguan.unizar.es:99238</subfield>
    <subfield code="p">articulos</subfield>
    <subfield code="p">driver</subfield>
  </datafield>
  <datafield tag="951" ind1=" " ind2=" ">
    <subfield code="a">2023-01-26-09:55:33</subfield>
  </datafield>
  <datafield tag="980" ind1=" " ind2=" ">
    <subfield code="a">ARTICLE</subfield>
  </datafield>
</record>
</collection>